Word Ladder: The Fall of a Sparrow Quiz Stats

 Plays Quiz Updated Apr 6, 2015

Challenge
Share
Tweet
Embed
Score 0/52 Timer 06:00
5 Plays Today
Hint 4-Letter Answer % Correct
British elevatorLIFT
93.7%
WatercraftBOAT
93.6%
Cinderella's big nightBALL
93.1%
A spacious apartmentLOFT
92.4%
Neither well done nor mediumRARE
92.3%
'With this ring, I ____ wed.'☠ THEE ☠
92%
An ace, king, or queenCARD
91.9%
With 'it', Michael Jackson's way to say 'scram!'BEAT
91.3%
Fireplace residueSOOT
91.2%
A preferred type of landing☠ SOFT ☠
90.6%
Philadelphia's symbol of libertyBELL
90.1%
British trunkBOOT
89.8%
The kind of show Letterman hostsLATE
89.7%
That time THEN
89%
Bungee, for exampleCORD
88.6%
Serving size in a pubPINT
87.8%
NippleTEAT
87.6%
To evaluate or assess☠ RATE ☠
87.3%
What happens while you're making other plansLIFE
86.1%
How diet food may be describedLITE
85.7%
The cost of your ticket to rideFARE
84.6%
A word that introduces a comparisonTHAN
84.3%
An island and province of IndonesiaBALI
83.4%
Old MacDonald's signature possession☠ (the)FARM ☠
83.3%
What Rachael Leigh Cook was allTHAT
83.3%
Baloo the bear sang of this kind of necessityBARE
83%
Hint 4-Letter Answer % Correct
Yearn or long forPINE
82.8%
What stops hereBUCK
82.4%
What a stitch in time saves☠ NINE: ☠
82%
Shel Silverstein wrote about a Giving one of theseTREE
80.5%
Sir Mix-A-Lot's Baby has thisBACK
78.6%
France's fifth most populous cityNICE
78%
Saint with twinkling eyes and merry dimplesNICK
77.2%
The guy you'd find in a musical box☠ JACK ☠
76.7%
Short form for Tampa Bay's NFL teamBUCS
76.7%
To reduce by whittlingPARE
75.6%
Open to both men and women COED
74.1%
One of the group that the nerds wanted revenge onJOCK
72.1%
Funeral fire foundation☠ PYRE ☠
70.7%
Exchanges money for goods or services☠ BUYS ☠
70.5%
Restricts or prohibitsBARS
69.9%
Bengal, Hudson's, James, and FundyBAYS
67.1%
To place an arrow in the bowstringNOCK
65.9%
Important thing to have, on the streetCRED
65.5%
A North American First Nations groupCREE
64.5%
Confined or repressedPENT
64.5%
Where LL Cool J and Biggie Smalls are going back toCALI
59.7%
First name of ESPN First Take host Champion☠ CARI ☠
55.6%
Washington Wizards guard BradleyBEAL
52.1%
Last name of a Sean who's known for dying a lot☠ BEAN ☠
49.1%
A taste component in some scotchPEAT
43.3%
A song of praise (variant spelling)PEAN
36.5%

Today's Daily Dose

You're not logged in!

Compare scores with friends on all Sporcle quizzes.
Join for Free
OR
Log In

You Might Also Like...

Show Comments

Extras

Top Quizzes Today


Score Distribution

Your Account Isn't Verified!

In order to create a playlist on Sporcle, you need to verify the email address you used during registration. Go to your Sporcle Settings to finish the process.

Report this User

Report this user for behavior that violates our Community Guidelines.

Details: